Normal view
MARC view
- المواطنة-استقطاب الالكتروني-الجامعات الخاصة -اقليم الشمال- الاردن
Entry Topical Term
001 - CONTROL NUMBER
- control field: 61459
003 - CONTROL NUMBER IDENTIFIER
- control field: JO-AjAnu
005 - DATE AND TIME OF LATEST TRANSACTION
- control field: 20230606084037.0
008 - FIXED-LENGTH DATA ELEMENTS
- fixed length control field: 230606|| aca||aabn | a|a d
040 ## - CATALOGING SOURCE
- Original cataloging agency: JO-AjAnu
- Transcribing agency: JO-AjAnu
150 ## - HEADING--TOPICAL TERM
- Topical term or geographic name entry element: المواطنة-استقطاب الالكتروني-الجامعات الخاصة -اقليم الشمال- الاردن
670 ## - SOURCE DATA FOUND
- Source citation: Work cat.: (JO-AjAnu)31349: اعداد الزغول، ايات فارس علي, author 61458, اثر الاستقطاب الالكتروني على سلوك المواطنة التنظيمية: (دراسة ميدانية على الجامعات الخاصة الاردنية في اقليم الشمال)=The Impact of E-Recruitment on Organizational Citizenship Behavior(A Field Study on Jordanian Private Universities in North Region